00350nam a22001337a 450000500170000000800410001704100120005808200120007010000120008224500260009426000460012030000250016665000250019120240729085458.0240729b |||||||| |||| 00| 0 eng d aEnglish a349 SUP lEnglish aSupreme Court Reports aCape Town: bJuta and Company Ltd, c1897 b565 pages; c26 cm.  aLegal practice bLaw